| 000 | 00378nam a2200157Ia 4500 | ||
|---|---|---|---|
| 008 | 230312s9999||||xx |||||||||||||| ||und|| | ||
| 020 | _a81-7656-009-x | ||
| 082 |
_a005.133 _bBAY-S |
||
| 100 | _aBayross Ivan | ||
| 245 | 0 | _aSQL,PL/SQL | |
| 260 |
_bBPB _aNew Delhi _c1999 |
||
| 300 | _a343 | ||
| 546 | _aEng. | ||
| 650 |
_aComputer _vIntroduction to managing data , |
||
| 942 | _cBK | ||
| 999 |
_c3206 _d3206 |
||